Oceania Physical Geography - Statistics

General Stats
  • This quiz has been taken 12,714 times
  • The average score is 10 of 22
Answer Stats
Hint Answer % Correct
Like the above, but more remote The Outback
89%
Reef along the coast of Queensland Great Barrier Reef
85%
Most famous rock in Australia Uluru
85%
Biggest land masses / islands Australia
83%
Biggest land masses / islands South Island
76%
Biggest land masses / islands Tasmania
76%
Biggest land masses / islands North Island
75%
Biggest land masses / islands New Guinea
60%
Highest mountain in New Zealand Mount Cook
49%
New Zealand's longest mountain range Southern {Alps}
48%
Sea the above can be found in Coral Sea
43%
Longest river Murray-Darling
43%
The rural areas of Australia The Bush
39%
Bay formed by the southern coast of Australia Great Australian {Bight}
32%
Strait between Queensland and Papua New Guinea Torres Strait
26%
Mountain range that runs from Queensland to Victoria Great Dividing Range
24%
Peninsula of far northern Queensland Cape York
23%
Biggest land masses / islands New Caledonia
23%
New Zealand's largest lake Lake Taupo
15%
Biggest land masses / islands New Britain
12%
Tahiti's archipelago {Society} Islands
12%
"Treeless" region on the coast of South Australia Nullarbor
11%
No matching quizzes found
Score Distribution
Percent of People with Each Score
Percentile by Number Answered
Your Score History
You have not taken this quiz